000 00340nam a2200133 4500
999 _c763
_d763
008 191217b ||||| |||| 00| 0 eng d
082 0 0 _a621.9
_bT743
100 _9288
_aTown, H. C.
245 1 0 _aTechnology of Machine Shop
_cby H C Town
260 _aLondon
_bLongmans
_c1951
300 _ax, 366 p.
650 0 _aMachine Tools
942 _2ddc
_cBK